01883cam a22004694i 4500003000900000005001700009008004100026020001500067035002700082040003300109049000900142082002000151245006500171264005400236300003800290336002100328337002500349338002300374504003400397505024700431526001000678526001000688526001000698526001000708526000800718526000800726526000800734526000800742526000800750526000800758526000800766630006500774700003300839910001800872942001400890949012700904994001401031596000601045999015201051980005501203952015501258PE-LiUPU20250731173530.0150616s r 000 0 d a0802836887 a(Sirsi) i9780802836885 aPE-LiUPUbspacPE-LiUPUerda aPRUA04a226.06bG3322104aThe Gospel and The Gospels /cEditado por Peter Stuhlmacher. 1aMichigan :bW. B. Eerdmans Publishing Co.,c1991. a412 páginas ;c23 centímetros atext2rdacontent aunmediated2rdamedia avolume2rdacarrier aBibliografía al pie de pag.0 aa perspective on the state of the art.- Jesus' gospel of the Kingdom.- The theological center of the sayings source.- The gospel in Jerusalem : Mark 14:12-26 as the Oldest tradition of the early church.- The pauline gospel.- The gospel genre. aSEG42 aSEG41 aSEG40 aSEG39 aP94 aP87 aP86 aP85 aP77 aP76 aP35 aBiblia.pN.T.pEvangeliosxCrítica, interpretación, etc.1 aStuhlmacher, Peter,eeditor. ajckbjvqcjck 2ddccBOOK a226.06 G33wDEWEYc1i54637lCCODEBUL1mBULr0sYtBOOKu2015-6-16xTEOLOGIAzUNKNOWN0COMPRAo.STAFF. Colección General aC0bPEPRU a1 a226.06 G33wDEWEYc60076i54637f2021-11-9g5lCCODEBUL1mBULr0sYtBOOKu2015-6-16xTEOLOGIAzUNKNOWN0COMPRAo.STAFF. Colección Generald60076 81gALBERTO SANCHEZ Responsable de Automatización r2025-12-02 00:00:00i6l0o226.06 G33p54637te1w2015-06-16xPGyBKzinventario-2023-12-13102ddc50708GENfP87aBULbBULcGENd2015-06-16eCOMPRA